000
00179 a2200097 4500
020
_a
9780425213698
041
_a
eng
100
_a
Sandi Ault
245
_a
Wild Indigo
942
_c
BK
999
_c
30538
_d
30536